000 00304nam a22001337a 4500
020 _a0 902089 78 1
082 _a 021.009 4 CLA
100 _aClark, J. W.
245 _a The care of Book
260 _aLONDON
_bVARIORUM REPRINT
_c1975
300 _axxvi,352p
_bill.;23CM
500 _aINDEX
942 _cBK
999 _c19136
_d19136